00513nam a2200169 a 4500008004100000020002200041100001600063245008800079260004800167300002800215500002000243650002800263650002500291003000100316005001700317040000900334  a044302166X (pbk.)1 aGray, F. J.10aPrinciples of surgery :ban illustrated text for health professionals /cF.J. Gray. aMelbourne :bChurchill Livingstone,cc1981. a97 p. :bill. ;c25 cm. aIncludes index. aCritical care medicine. aTherapeutics surgery20230120203845.0 cNUST